000 00647cam a22002051 4500
001 000020146
005 20200929170304.0
008 771208s1924 ag 000 0 spa
035 _a(DLC) 30002299
035 _a(OCoLC)3474559
040 _aDO-SdBNP
_cOKentU
_dDLC
_dBNPHU
050 0 0 _aPQ7797.G58
_bV4
082 _axxxx
_bG643v
100 1 _aGonzález Arrili, Bernardo,
_d1892-1987.
_942736
245 1 3 _aLa Venus calchaquí, :
_bnovela /
_cBernardo González Arrili.
260 _aBuenos Aires, Argentina :
_bEdiciones de "Nuestra America",
_c1924.
300 _a147 p. : ;
_c19 cm.
910 _aCatalogación derivada / LC
049 _aBNGR
999 _c19654
_d19654